Effective Business Communication (Record no. 5152)
[ view plain ]
| 000 -LEADER | |
|---|---|
| fixed length control field | 00551nam a22002177a 4500 |
| 003 - CONTROL NUMBER IDENTIFIER | |
| control field | OSt |
| 005 - DATE AND TIME OF LATEST TRANSACTION | |
| control field | 20160906142013.0 |
| 008 - FIXED-LENGTH DATA ELEMENTS--GENERAL INFORMATION | |
| fixed length control field | 160906b xxu||||| |||| 00| 0 eng d |
| 020 ## - INTERNATIONAL STANDARD BOOK NUMBER | |
| International Standard Book Number | 9788120350724 |
| 040 ## - CATALOGING SOURCE | |
| Transcribing agency | DDC |
| 082 ## - DEWEY DECIMAL CLASSIFICATION NUMBER | |
| Classification number | 384 KAU 2015 |
| 100 ## - MAIN ENTRY--PERSONAL NAME | |
| Personal name | Kaul, Asha |
| 9 (RLIN) | 6732 |
| 245 ## - TITLE STATEMENT | |
| Title | Effective Business Communication |
| 250 ## - EDITION STATEMENT | |
| Edition statement | 2nd ed. |
| 260 ## - PUBLICATION, DISTRIBUTION, ETC. (IMPRINT) | |
| Place of publication, distribution, etc. | Delhi; PHI Learning, 2015 |
| 300 ## - PHYSICAL DESCRIPTION | |
| Extent | xv,235p; ill: 24cm |
| 504 ## - BIBLIOGRAPHY, ETC. NOTE | |
| Bibliography, etc | Index included |
| 650 ## - SUBJECT ADDED ENTRY--TOPICAL TERM | |
| Topical term or geographic name as entry element | Business communication |
| 9 (RLIN) | 5408 |
| 650 ## - SUBJECT ADDED ENTRY--TOPICAL TERM | |
| Topical term or geographic name as entry element | Communication |
| 9 (RLIN) | 1820 |
| 942 ## - ADDED ENTRY ELEMENTS (KOHA) | |
| Source of classification or shelving scheme | Other/Generic Classification Scheme |
| Koha item type | Short Loan |
| Withdrawn status | Lost status | Source of classification or shelving scheme | Damaged status | Not for loan | Home library | Current library | Date acquired | Source of acquisition | Inventory number | Total Checkouts | Full call number | Barcode | Date last seen | Koha item type | Public note | Price effective from |
|---|---|---|---|---|---|---|---|---|---|---|---|---|---|---|---|---|
| Dewey Decimal Classification | MUST Main Library | MUST Main Library | 06/09/2016 | 16/39916 | 384 KAU 2015 | 2016-4052 | 06/09/2016 | Short Loan | ||||||||
| Dewey Decimal Classification | MUST Main Library | MUST Main Library | 06/09/2016 | 16/39915 | 384 KAU 2015 | 2016-4053 | 06/09/2016 | Short Loan | ||||||||
| Dewey Decimal Classification | MUST Main Library | MUST Main Library | 06/09/2016 | 16/39914 | 384 KAU 2015 | 2016-4054 | 06/09/2016 | Short Loan | ||||||||
| Dewey Decimal Classification | MUST Main Library | MUST Main Library | 06/09/2016 | 16/39913 | 384 KAU 2015 | 2016-4055 | 06/09/2016 | Short Loan | ||||||||
| Dewey Decimal Classification | MUST Main Library | MUST Main Library | 06/09/2016 | 16/39912 | 384 KAU 2015 | 2016-4056 | 06/09/2016 | Open Shelf | ||||||||
| Dewey Decimal Classification | MUST Main Library | MUST Main Library | 06/09/2016 | 16/39911 | 384 KAU 2015 | 2016-4057 | 06/09/2016 | Open Shelf | ||||||||
| Dewey Decimal Classification | MUST Main Library | MUST Main Library | 20/04/2021 | Purchase | 21/41465 | 384 KAU 2015 | 2021-0438 | 20/04/2021 | Book | Material in Hard Copy | ||||||
| Other/Generic Classification Scheme | MUST Main Library | MUST Main Library | 05/05/2021 | Purchase | 21/41464 | 384 KAU 2015 | 2021-0469 | 05/05/2021 | Book | Material in Hard Copy | 05/05/2021 |
